| 000 | 00000nas##2200000za#4500 |
|---|---|
| 001 | 9.507119 |
| 003 | CaOODSP |
| 005 | 20200325125808 |
| 007 | cr ||||||||||| |
| 008 | 150406c1997||||xxc|| m o||||f| |0eng|d |
| 040 | |aCaOODSP|beng |
| 043 | |an-cn--- |
| 086 | 1 |aD83-5E-PDF |
| 110 | 1 |aCanada.|bEmergency Preparedness Canada. |
| 245 | 10|aProject report |h[electronic resource] |
| 260 | |aOttawa - Ontario : |bEmergency Preparedness Canada |
| 690 | 07|aEmergency preparedness|2gcpds |
| 775 | 08|tRapport de projet |w(CaOODSP)9.503512 |
| 776 | 0#|tProject report |w(CaOODSP)9.514505 |